[Event "AUTO-MASTER-3066"]
[Site "http://www.queenalice.com/game.php?id=1770922"]
[Date "2021.9.27"]
[Round "1"]
[White "Buuuu"]
[Black "e4d4sf3"]
[Result "1/2-1/2"]
[WhiteElo "2191"]
[BlackElo "2165"]

1. e4 e5 2. Nf3 Nc6 3. Nc3 Nf6 4. Bb5 Bb4 5. Bxc6 bxc6 6. d3 d6 7. O-O Bg4 8.
Qe2 Bxc3 9. bxc3 h6 10. Rb1 Rb8 11. Ba3 Nh5 12. Qe3 Rb6 13. d4 Bxf3 14. Qxf3 Nf4
15. g3 Ng6 16. h4 h5 17. Rfd1 Qf6 18. Qxf6 gxf6 19. d5 c5 20. c4 Kd7 21. Rb3
Rxb3 22. cxb3 Ne7 23. Rd3 f5 24. f3 Rg8 25. Kf2 fxe4 26. fxe4 f5 27. exf5 Nxf5
28. Bc1 Rg7 29. Bg5 Nd4 30. g4 hxg4 31. Kg3 e4 32. Rd1 e3 33. Bxe3 Nf5+ 34. Kf4
Nxh4 35. Rg1 g3 36. Rxg3 Rxg3 37. Kxg3 Nf5+ 38. Kf4 Ne7 39. Kg5 a6 40. Bd2 Nc8
41. Kf6 Ne7 42. Bc3 c6 43. dxc6+ Nxc6 44. Kf5 Ne7+ 45. Kf6 d5 46. Ke5 d4 47.
Bxd4 cxd4 48. Kxd4 Kc6 49. b4 Kb6 50. a4 Nf5+ 51. Ke5 Ne3 52. a5+ Kc6 53. b5+
axb5 54. cxb5+ 1/2-1/2

[Event "AUTO-MASTER-3066"]
[Site "http://www.queenalice.com/game.php?id=1770927"]
[Date "2021.9.27"]
[Round "1"]
[White "dave_j"]
[Black "Buuuu"]
[Result "0-1"]
[WhiteElo "2106"]
[BlackElo "2171"]

1. d4 Nf6 2. e3 c5 3. Nf3 cxd4 4. Nxd4 g6 5. c3 Bg7 6. Be2 O-O 7. f3 d5 8. Bd3
e5 9. Nb3 e4 10. Be2 Nc6 11. Nd4 Ne5 12. b3 exf3 13. Nxf3 Ne4 14. Bb2 Ng4 15.
Qc1 Bh6 0-1

[Event "AUTO-MASTER-3066"]
[Site "http://www.queenalice.com/game.php?id=1770928"]
[Date "2021.9.27"]
[Round "1"]
[White "Buuuu"]
[Black "dave_j"]
[Result "1-0"]
[WhiteElo "2181"]
[BlackElo "2101"]

1. e4 c5 2. Nf3 d6 3. d4 Qc7 4. c4 g6 5. Nc3 Bg7 6. Be3 Bd7 7. Be2 b6 8. O-O Nc6
9. Rc1 cxd4 10. Nxd4 Nf6 11. f4 Nxd4 12. Bxd4 O-O 13. Nd5 Nxd5 14. cxd5 Qd8 15.
Ba6 Bxd4+ 16. Qxd4 Bc8 17. Bb5 Bd7 18. Bc6 Rc8 19. b4 f6 20. b5 Rc7 21. Rc3 Be8
22. Rcf3 Bf7 23. e5 f5 24. e6 Be8 25. h3 Bxc6 26. bxc6 Rf6 27. g4 Qf8 28. g5 1-0

[Event "AUTO-ELITE-2370"]
[Site "http://www.queenalice.com/game.php?id=1772384"]
[Date "2021.10.16"]
[Round "1"]
[White "danielglowinski"]
[Black "Buuuu"]
[Result "1-0"]
[WhiteElo "2574"]
[BlackElo "2193"]

1. e4 c6 2. d4 d5 3. Nc3 dxe4 4. Nxe4 Bf5 5. Ng3 Bg6 6. Nf3 Nd7 7. Bd3 Bxd3 8.
Qxd3 Ngf6 9. O-O e6 10. Re1 Be7 11. Bg5 O-O 12. Bf4 1-0

[Event "AUTO-ELITE-2370"]
[Site "http://www.queenalice.com/game.php?id=1772385"]
[Date "2021.10.16"]
[Round "1"]
[White "Buuuu"]
[Black "danielglowinski"]
[Result "0-1"]
[WhiteElo "2194"]
[BlackElo "2550"]

1. e4 c5 2. Nf3 Nc6 3. d4 cxd4 4. Nxd4 Nf6 5. Nc3 d6 6. Bc4 e5 7. Nf3 Be7 8. O-O
O-O 9. Bg5 Be6 10. Qd3 Rc8 11. Bb3 Nb4 0-1

[Event "AUTO-ELITE-2370"]
[Site "http://www.queenalice.com/game.php?id=1772392"]
[Date "2021.10.16"]
[Round "1"]
[White "Buuuu"]
[Black "trompmaster"]
[Result "0-1"]
[WhiteElo "2197"]
[BlackElo "2439"]

1. e4 b6 2. d4 e6 3. Nc3 Bb7 4. f4 Bb4 5. Bd3 Bxc3+ 6. bxc3 f5 7. Qe2 Qh4+ 8. g3
Qg4 9. Qxg4 fxg4 10. h3 Nf6 11. hxg4 Bxe4 12. Rh4 Nc6 13. g5 Bxd3 14. gxf6 Bxc2
15. fxg7 Rg8 16. Kd2 Bg6 17. Ba3 Rxg7 18. Nf3 Na5 19. Ne5 Be4 20. Bb4 Rxg3 21.
Bxa5 bxa5 22. Re1 Bf5 23. a4 Rb8 24. Nc4 Rd3+ 25. Ke2 Rxc3 0-1

[Event "AUTO-ELITE-2370"]
[Site "http://www.queenalice.com/game.php?id=1772393"]
[Date "2021.10.16"]
[Round "1"]
[White "trompmaster"]
[Black "Buuuu"]
[Result "1-0"]
[WhiteElo "2436"]
[BlackElo "2202"]

1. b3 e5 2. Bb2 Nc6 3. c4 g6 4. Nf3 Bg7 5. e4 d6 6. d3 f5 7. Nc3 Nf6 8. Be2 O-O
9. O-O h6 10. Nh4 Kh7 11. exf5 gxf5 12. g3 Nd4 13. Bf3 Nxf3+ 14. Qxf3 f4 15. Ne4
c6 16. Rfe1 Ng4 17. Rad1 d5 18. h3 fxg3 19. Qxg3 Bf6 20. Nxf6+ Qxf6 21. hxg4
Bxg4 22. Bxe5 Qf7 23. Rd2 Bd7 24. Kh2 Rg8 25. Qf3 Qe7 26. Qf6 Qxf6 27. Bxf6 1-0

[Event "AUTO-ELITE-2372"]
[Site "http://www.queenalice.com/game.php?id=1773071"]
[Date "2021.10.24"]
[Round "1"]
[White "beteljeuxe"]
[Black "Buuuu"]
[Result "1-0"]
[WhiteElo "2576"]
[BlackElo "2189"]

1. d4 Nf6 2. c4 c5 3. d5 e6 4. Nc3 exd5 5. cxd5 d6 6. Nf3 g6 7. Bf4 a6 8. a4 Bg7
9. h3 O-O 10. e3 Qe7 11. Be2 Nbd7 12. O-O Nh5 13. Bh2 f5 14. Nd2 Nhf6 15. Nc4
Ne8 16. a5 Rb8 17. Qb3 Ne5 18. Nxe5 Bxe5 19. Bxe5 Qxe5 20. Bxa6 f4 21. exf4 Qxf4
22. Bb5 Nc7 23. Be2 Bf5 24. Ra4 Qg5 25. Bg4 h5 26. Bxf5 Rxf5 27. a6 c4 28. a7
Re8 29. Rxc4 h4 30. Qb6 Nxd5 31. Nxd5 Rxd5 32. Qxb7 Ra5 33. b4 Ra3 34. Rc8 1-0

[Event "AUTO-ELITE-2372"]
[Site "http://www.queenalice.com/game.php?id=1773072"]
[Date "2021.10.24"]
[Round "1"]
[White "Buuuu"]
[Black "beteljeuxe"]
[Result "0-1"]
[WhiteElo "2192"]
[BlackElo "2537"]

1. e4 c6 2. d4 d5 3. Nc3 dxe4 4. f3 exf3 5. Nxf3 g6 6. Bc4 Bg7 7. O-O Nf6 8. Bg5
O-O 9. Qe1 Bf5 10. Bb3 Na6 11. Qh4 Nb4 12. Ne5 h6 13. Be3 Bxc2 14. Rf2 Bxb3 15.
axb3 g5 16. Qg3 Nbd5 17. Ng4 Nxg4 0-1

[Event "AUTO-ELITE-2372"]
[Site "http://www.queenalice.com/game.php?id=1773075"]
[Date "2021.10.24"]
[Round "1"]
[White "Sexxy_Bunny"]
[Black "Buuuu"]
[Result "1-0"]
[WhiteElo "2777"]
[BlackElo "2203"]

1. e4 c6 2. d4 d5 3. e5 Bf5 4. Nf3 e6 5. Be2 Nd7 6. O-O Bb4 7. Nbd2 Ba5 8. c3
Bc7 9. Re1 Qe7 10. c4 g5 11. cxd5 exd5 12. Nf1 g4 13. Ng3 gxf3 14. Nxf5 fxe2 15.
Qxe2 Qf8 16. Bg5 Nb6 17. Qg4 Qb4 18. Ng7+ Kf8 19. e6 Kxg7 20. Be7+ 1-0

[Event "AUTO-ELITE-2372"]
[Site "http://www.queenalice.com/game.php?id=1773076"]
[Date "2021.10.24"]
[Round "1"]
[White "Buuuu"]
[Black "Sexxy_Bunny"]
[Result "0-1"]
[WhiteElo "2190"]
[BlackElo "2771"]

1. e4 c5 2. Nf3 d6 3. d4 cxd4 4. Nxd4 Nf6 5. Nc3 a6 6. Bc4 e6 7. Bb3 b5 8. O-O
Be7 9. Qf3 Qc7 10. Qg3 O-O 11. Bh6 Ne8 12. Rad1 Bd7 13. f4 Nc6 14. Nxc6 Bxc6 15.
f5 Kh8 16. f6 gxh6 17. fxe7 Qxe7 18. Qf2 Ng7 19. Qb6 Rfc8 20. a3 a5 21. Qd4 Rd8
22. Ne2 Qb7 23. Ng3 Qa7 24. c3 Kg8 25. Rf4 Qxd4+ 26. cxd4 a4 27. Ba2 Rac8 28.
Rdf1 b4 29. Rxf7 b3 30. Bb1 Bb5 31. R7f3 Bxf1 32. Rxf1 e5 33. d5 Rf8 34. Bd3
Rxf1+ 35. Kxf1 Rc1+ 36. Kf2 Ra1 37. Ne2 Ra2 38. Bb5 Rxb2 39. Bxa4 Nh5 40. g3 Nf6
41. Kf3 h5 42. h3 Rb1 43. Nc3 Rc1 0-1

[Event "AUTO-MASTER-3047"]
[Site "http://www.queenalice.com/game.php?id=1774455"]
[Date "2021.11.10"]
[Round "2"]
[White "Buuuu"]
[Black "Diadoco"]
[Result "0-1"]
[WhiteElo "2212"]
[BlackElo "2277"]

1. e4 e5 2. Nf3 Nc6 3. Nc3 Bb4 4. Bb5 Nf6 5. d3 Nd4 6. Ba4 b5 7. Nxd4 exd4 8.
O-O bxa4 9. Nxa4 O-O 10. a3 Be7 11. f4 d6 12. b4 Bd7 13. Nb2 c5 14. Bd2 Qc7 15.
Nc4 Bb5 16. Nb2 Bc6 17. bxc5 dxc5 18. Nc4 Nd7 19. Ba5 Qc8 20. e5 Bd5 21. Nd6
Bxd6 22. exd6 Qc6 23. Bc7 Bxg2 24. Re1 Bf3 25. Qd2 Rfe8 26. f5 Nf6 27. Qf4 h6
28. Rab1 Bd5 29. Kf2 Rxe1 30. Rxe1 Re8 31. Rg1 Kh7 32. Qg3 Rg8 33. Bd8 Ne8 34.
Be7 Qd7 35. Qf4 Nf6 36. Qe5 Bb7 37. Bxf6 gxf6 38. Qxf6 Rxg1 39. Kxg1 Bc8 40. Qe5
Qxf5 0-1

[Event "AUTO-MASTER-3047"]
[Site "http://www.queenalice.com/game.php?id=1774456"]
[Date "2021.11.10"]
[Round "2"]
[White "Diadoco"]
[Black "Buuuu"]
[Result "0-1"]
[WhiteElo "2292"]
[BlackElo "2196"]

1. e4 c6 2. d4 d5 3. e5 Bf5 4. Nf3 e6 5. Be2 Nd7 6. O-O Bb4 7. c3 Ba5 8. Nbd2
Bc7 9. Re1 Qe7 10. b4 f6 11. Bf1 fxe5 12. Nxe5 Nxe5 13. dxe5 Nh6 14. Nf3 Nf7 15.
Bf4 g5 16. Bd2 h5 17. Nd4 Be4 18. f3 Bg6 19. f4 O-O-O 20. Bd3 Bxd3 0-1

[Event "AUTO-MASTER-3047"]
[Site "http://www.queenalice.com/game.php?id=1774457"]
[Date "2021.11.10"]
[Round "2"]
[White "Buuuu"]
[Black "tariann"]
[Result "0-1"]
[WhiteElo "2225"]
[BlackElo "2201"]

1. e4 e5 2. Nf3 Nc6 3. Nc3 Nf6 4. Bb5 d6 5. d4 exd4 6. Nxd4 Bd7 7. O-O Be7 8.
Re1 O-O 9. Bxc6 Bxc6 10. b3 Re8 11. Bb2 Bf8 12. Qd3 Qd7 13. Nxc6 Qxc6 14. f3
Rad8 15. Nb5 Nh5 16. c4 Nf4 17. Qf1 a6 18. Nd4 Qc5 19. g3 Ne6 20. Qf2 c6 21.
Nxe6 Qxf2+ 22. Kxf2 Rxe6 23. Rad1 g6 24. Re3 b5 25. Red3 bxc4 26. bxc4 Rb8 27.
Ba3 c5 28. Bc1 Rb4 29. Rc3 Bg7 30. Rc2 Bd4+ 31. Ke2 f5 32. Kd3 fxe4+ 33. fxe4
Rf6 34. Bd2 Rf3+ 35. Ke2 Rf2+ 36. Kd3 Rb8 37. Bf4 Rxc2 38. Kxc2 Rb2+ 39. Kc1
Rxa2 40. h4 Re2 41. Bxd6 Rxe4 42. Kc2 Re6 43. Bf4 Rb6 44. Kd3 a5 45. Bc7 Rb3+
46. Ke4 a4 47. Bd6 a3 0-1

[Event "AUTO-MASTER-3047"]
[Site "http://www.queenalice.com/game.php?id=1774458"]
[Date "2021.11.10"]
[Round "2"]
[White "tariann"]
[Black "Buuuu"]
[Result "0-1"]
[WhiteElo "2205"]
[BlackElo "2211"]

1. e4 c6 2. d4 d5 3. Nc3 dxe4 4. Nxe4 Bf5 5. Ng3 Bg6 6. Nf3 Nd7 7. Be2 e6 8. O-O
Ngf6 9. c4 Qc7 10. Bg5 Be7 11. Qd2 Rd8 12. Qc3 h6 13. Be3 O-O 14. Rfd1 Ng4 15.
Rac1 f5 16. Ne5 Ngxe5 17. Bf4 Bd6 18. dxe5 Be7 19. Rc2 Bg5 20. Bxg5 hxg5 21.
Rcd2 f4 22. Bh5 Bxh5 23. Nxh5 Nc5 24. Rd4 a5 25. Qd2 Rxd4 26. Qxd4 Qe7 27. Qd6
Kf7 28. a3 a4 29. f3 Qxd6 30. Rxd6 Kg6 31. g4 fxg3 32. Nxg3 Rxf3 33. Rd2 Re3 0-1

[Event "AUTO-ELITE-2381"]
[Site "http://www.queenalice.com/game.php?id=1777020"]
[Date "2021.12.12"]
[Round "1"]
[White "trompmaster"]
[Black "Buuuu"]
[Result "1-0"]
[WhiteElo "2536"]
[BlackElo "2200"]

1. d3 d5 2. Nd2 e5 3. Ngf3 Bd6 4. e4 c6 5. h3 Nf6 6. Be2 Nbd7 7. c3 Nf8 8. Qc2
Ng6 9. g3 Be6 10. Nf1 Qd7 11. Ng5 h6 12. Nxe6 Qxe6 13. Ne3 Ne7 14. g4 O-O-O 15.
a4 Kb8 16. a5 g6 17. a6 b6 18. b3 Kc7 19. b4 b5 20. Nf1 d4 21. Bd2 Nd7 22. cxd4
exd4 23. f4 1-0

[Event "AUTO-ELITE-2381"]
[Site "http://www.queenalice.com/game.php?id=1777021"]
[Date "2021.12.12"]
[Round "1"]
[White "Buuuu"]
[Black "trompmaster"]
[Result "0-1"]
[WhiteElo "2230"]
[BlackElo "2475"]

1. e4 d6 2. d4 Nf6 3. Nc3 e5 4. f4 exd4 5. Qxd4 a6 6. a4 Nc6 7. Qf2 d5 8. e5 Ng4
9. Qf3 Bc5 10. Nh3 Nd4 11. Qd1 f6 12. Be2 fxe5 13. fxe5 Qh4+ 14. Kd2 Ne3 15.
Kxe3 Nb3+ 0-1